League of Legends - DoT (S-Z) - Statistics

General Stats
  • This quiz has been taken 46 times
  • The average score is 3 of 13
Answers on the Grid
Answers color-coded by a green-red scale on the quiz's grid according to % correct below.
Samira
Sejuani
Senna
Seraphine
Sett
Shaco
Shen
Shyvana
Singed
Sion
Sivir
Skarner
Smolder
Sona
Soraka
Swain
Sylas
Syndra
Tahm Kench
Taliyah
Talon
Taric
Teemo
Thresh
Tristana
Trundle
Tryndamere
Twisted Fate
Twitch
Udyr
Urgot
Varus
Vayne
Veigar
Vel'Koz
Vex
Vi
Viego
Viktor
Vladimir
Volibear
Warwick
Wukong
Xayah
Xerath
Xin Zhao
Yasuo
Yone
Yorick
Yuumi
Zac
Zed
Zeri
Ziggs
Zilean
Zoe
Zyra
 
Answer Stats
Answer % Correct
R Samira
58%
Q Singed
54%
QPassive Burn Smolder
50%
R Swain
25%
Passive Twitch
25%
Passive Talon
21%
R Trundle
8%
R Udyr
8%
R Vel'Koz
8%
Passive Skarner
4%
R Viktor
4%
W Vladimir
4%
R Wukong
0%
No matching quizzes found
Score Distribution
Percent of People with Each Score
Percentile by Number Answered
Your Score History
You have not taken this quiz